Longman test in context with answer key = Giáo trình Anh văn
保存先:
| 第一著者: | |
|---|---|
| フォーマット: | 図書 |
| 言語: | Undetermined |
| 出版事項: |
Đà Nẵng
Nxb. Đà Nẵng
1997
|
| 主題: | |
| タグ: |
タグ追加
タグなし, このレコードへの初めてのタグを付けませんか!
|
| Thư viện lưu trữ: | Trung tâm Học liệu Trường Đại học Cần Thơ |
|---|
| LEADER | 00690nam a2200217Ia 4500 | ||
|---|---|---|---|
| 001 | CTU_28798 | ||
| 008 | 210402s9999 xx 000 0 und d | ||
| 020 | |b 18.200đ | ||
| 020 | |c 22000 | ||
| 082 | |a 428.24 | ||
| 082 | |b H442 | ||
| 100 | |a Heaton, J B | ||
| 245 | 0 | |a Longman test in context | |
| 245 | 0 | |b with answer key = Giáo trình Anh văn | |
| 245 | 0 | |c J B Heaton ; Chú giải Đỗ Lệ Hằng | |
| 260 | |a Đà Nẵng | ||
| 260 | |b Nxb. Đà Nẵng | ||
| 260 | |c 1997 | ||
| 650 | |a english language - study and teaching,english language - textbooks for foreign speakers | ||
| 904 | |i Minh, 990305 | ||
| 980 | |a Trung tâm Học liệu Trường Đại học Cần Thơ | ||